Relational database mangement with ORACLE /

Na minha lista:
Detalhes bibliográficos
Autor principal: Rolland, F.D (Author)
Formato: Livro
Idioma:inglês
Publicado em: Wokingham : Addison-Wesley Publishing Company, 1990
Edição:1.vyd.
Assuntos:
Tags: Adicionar Tag
Sem tags, seja o primeiro a adicionar uma tag!

MARC

LEADER 00000nam a22000003a 4500
001 stu4682
005 20150617225809.9
008 960229s1990----uk------------------eng-d
020 |a 0-201-41647-6 
040 |a STU  |b slo 
041 0 |a eng 
044 |a uk 
080 |a 681.32.016 
080 |a 519.683.5 
084 |a C4250  |2 INS 
084 |a C6160D  |2 INS 
084 |a D2080  |2 INS 
100 1 |a Rolland, F.D  |4 aut 
245 1 |a Relational database mangement with ORACLE /  |c [aut.] Rolland,F.D 
250 |a 1.vyd. 
260 |a Wokingham :  |b Addison-Wesley Publishing Company,  |c 1990 
300 |a 226 s 
650 7 |a operačné systémy  |2 stusub 
650 7 |a SQL  |2 stusub 
650 7 |a dátabázové riadiace systémy  |2 stusub 
650 7 |a relačné databázy  |2 stusub 
996 |c I*10DS5008  |l I  |s A  |a 24  |w stu4682_0001